000 01090cam a2200325 a 4500
001 14544187
003 OSt
005 20150706105020.0
008 060909s2006 enk 001 0 eng
010 _a 2006462499
020 _a1846610079
040 _aDLC
_cDLC
042 _apcc
043 _ae-uk---
050 0 0 _aKD3110
_b.U63 2006
082 _a346.078 UPE
100 1 _aUpex, R. V.
_9658
245 1 4 _aThe law of termination of employment /
_cby Robert Upex ; chapter 12 on insolvency of the employer, Nick Humphreys.
250 _a7th ed.
260 _aBristol :
_bJordans,
_cc2006.
300 _alxxix, 572 p. ;
_c26 cm.
500 _aIncludes bibliographic references and index.
650 0 _aEmployees
_xDismissal of
_xLaw and legislation
_zGreat Britain.
_9659
650 0 _aRemedies (Law)
_zGreat Britain.
_9660
700 1 _aHumphreys, Nick.
_9661
906 _a7
_bcbc
_corigcop
_d2
_encip
_f20
_gy-gencatlg
942 _2ddc
_cBK
999 _c225
_d225